Carregant...

Organic chemistry

Dades bibliogràfiques
Autor principal: Bruice, Paula Yurkanis
Format: Printed Book
Publicat: Prentice Hall 1991
Edició:3
LEADER 00360nam a22001217a 4500
082 |a 547  |b BRU 
100 |a Bruice, Paula Yurkanis 
245 |a Organic chemistry 
250 |a 3 
260 |a Prentice Hall  |c 1991 
942 |c BK 
999 |c 14089  |d 14089 
952 |0 0  |1 0  |4 0  |6 547_000000000000000_BRU  |7 0  |9 16297  |a CAMPUS  |b CAMPUS  |d 2017-07-29  |l 0  |o 547 BRU  |p 09887  |r 2017-07-29  |w 2017-07-29  |y BK